| 000 | 02342cam a22005174i 4500 | ||
|---|---|---|---|
| 003 | PE-LiUPU | ||
| 005 | 20250731172906.0 | ||
| 008 | 170124s2016 miu rb 000 0 eng d | ||
| 020 | _a0802874053 | ||
| 020 | _a9780802874054 | ||
| 035 | _a(Sirsi) a166461 | ||
| 040 |
_aPE-LiUPU _bspa _cPE-LiUPU _erda |
||
| 049 | _aPRUA | ||
| 082 | 0 | 4 |
_a270.072 _bB81 _223 |
| 100 | 1 |
_aBradley, James E., _d1944- _eautor. |
|
| 245 | 0 | 4 |
_aChurch history : _ban introduction to research methods and resources / _cJames E. Bradley & Richard A. Muller. |
| 250 | _aSecond edition. | ||
| 264 | 1 |
_aGrand Rapids, Michigan : _bWilliam B. Eerdmans Publishing Company, _c2016. |
|
| 300 |
_axxi, 293 páginas ; _c23 centimetros |
||
| 336 |
_atext _2rdacontent |
||
| 337 |
_aunmediated _2rdamedia |
||
| 338 |
_avolume _2rdacarrier |
||
| 504 | _aBibliografía : páginas 175-271. | ||
| 505 | 0 | _aIntroduction to church history and related disciplines -- Perspective and meaning in history -- The initial stages of research and the use of bibliographic and reference sources -- Research in primary sources and the use of text databases and materials in microform -- The practice of research and the craft of writing -- Preparing lectures and writing monographs and articles -- Selected aids to the study of church history and historical theology : a bibliography. | |
| 526 | _aSEG42 | ||
| 526 | _aSEG41 | ||
| 526 | _aSEG40 | ||
| 526 | _aSEG39 | ||
| 526 | _aP94 | ||
| 526 | _aP87 | ||
| 526 | _aP86 | ||
| 526 | _aP85 | ||
| 526 | _aP77 | ||
| 526 | _aP76 | ||
| 526 | _aP35 | ||
| 650 | 0 | 7 |
_aHistoria de la iglesia _xBibliografía. |
| 650 | 0 | 7 | _aHistoria de la Iglesia-Libros de referencia. |
| 650 | 0 | 7 | _aHistoria de la Iglesia-Investigación-Metodología. |
| 700 | 1 |
_aCarson, D. A., _eeditor. |
|
| 910 |
_ajck _bjvq _cjck _d20170124. |
||
| 942 |
_2ddc _cBOOK |
||
| 949 |
_a270.072 B81 _wDEWEY _c1 _i75600 _lCATALOGING _mBUL _p21.00 _r0 _sY _tBOOK _u2017-01-24 _xTEOLOGIA _zPOSGRADO TEOLOGÍA _0COMPRA _o.CIRCNOTE. El documento es de alto precio. _o.STAFF. Colección Teología |
||
| 596 | _a1 | ||
| 999 |
_a270.072 B81 _wLC _c15201 _i75600 _d15201 _f2021-11-11 _g5 _lCCODEBUL1 _mBUL _p21.00 _q1 _r0 _sY _tBOOK _u2017-1-24 _xTEOLOGIA _PP85 _0COMPRA _o.STAFF. Colección Teología |
||
| 980 |
_81 _gALBERTO SANCHEZ Responsable de Automatización |
||